000 00481nam a2200169Ia 4500
003 OSt
005 20260313163455.0
008 211028s2014 xx 000 0 und d
040 _cAIMIT LIBRARY
041 _aeng
100 _aMachado, Nelson; Mascarenhas, Vincent.
_g111755
_94188
110 _aKavitha Rajamani
_94189
245 _aEnhancements for starsports.com web application /
260 _aBangalore
_c2014
710 _aImpetus Infotech India
_94190
942 _2ddc
_cPRO
999 _c217486
_d217486